Fern- und Regionalbahnhöfe Hamburgs - Statistiken

Allgemein
  • Dieses Quiz wurde 427 mal gespielt
    360 seit der letzten Aktualisierung
  • Das Durchschnittsergebnis liegt bei 5 aus 8
Antwortstatistiken
Bahnhof % Korrekt
Hamburg Hbf
98%
Hamburg-Altona
96%
Hamburg-Harburg
91%
Hamburg Dammtor
84%
Hamburg-Bergedorf
57%
Hamburg-Rahlstedt
39%
Hamburg Hasselbrook
38%
Hamburg-Tonndorf
37%
Keine übereinstimmenden Quizze gefunden
Verteilung der Resultate
Anzahl Personen mit jedem Resultat
Perzentil nach korrekt beantworteten Fragen
Ihre Resultats-Entwicklung
Sie haben dieses Quiz seit der letzten Aktualisierung nicht gespielt